000 00649nam a2200205Ia 4500
001 15405
003 GE_BSU
008 181216s||||||||xx |||||||||||||| ||und||
040 _cGE_BSU
080 _a821.353.1-32
100 _aქორქია,როდიონ
245 _aმოთხრობები
245 _cრედ.კ.ლორთქიფანიძე. მხატვ.კ.გრძელიშვილი
260 _aთბილისი
260 _bსაბლიტგამი
260 _c1953
300 _a164გვ.1ფ.პორტრ.21სმ.
653 _aმოთხრობები
942 _cBK
999 _c48508
_d48508